|
|
|
|
| LEADER |
00824nam a22002297a 4500 |
| 001 |
7030 |
| 003 |
BD-DhAAL |
| 008 |
140227s1983 xxua 000 0 eng |
| 020 |
|
|
|a 1882839137
|
| 040 |
|
|
|a BD-DhAAL
|c BD-DhAAL
|
| 082 |
0 |
0 |
|2 21
|a 362.1
|
| 100 |
1 |
|
|a Millar, Mary.
|9 2865
|
| 245 |
0 |
0 |
|a Assessing the quality of management :
|b facilitator's guide /
|c Mary Miller
|
| 260 |
|
|
|a Washington, DC :
|b Aga Khan Foundation,
|c 1993.
|
| 300 |
|
|
|a 48 p. :
|b ill, ;
|c 20
|
| 490 |
1 |
|
|a Primary Health Care Management Advancement Program,
|v 7
|
| 541 |
|
|
|e 7030
|
| 650 |
|
0 |
|a Health services administration
|9 3905
|
| 650 |
|
0 |
|a Primary health care
|9 3906
|
| 942 |
|
|
|2 ddc
|c BK
|
| 999 |
|
|
|c 14184
|d 14184
|
| 952 |
|
|
|0 0
|1 0
|2 ddc
|4 0
|6 362_100000000000000_MIL
|7 0
|9 23928
|a BRACUL
|b BRACUL
|c GEN
|d 2014-02-27
|l 0
|o 362.1 MIL
|p 3010007030
|r 2014-02-27
|t 1
|w 2014-02-27
|y BK
|